[Event "Val Thorens op"]
[Site "Val Thorens"]
[Date "2009.??.??"]
[Round "7"]
[White "Arous, Andre"]
[Black "Diczko, Zsombor"]
[Result "1/2-1/2"]
[WhiteElo "1655"]
[BlackElo "1739"]
[PlyCount "86"]
[EventDate "2009.07.18"]
[EventType "swiss"]
[EventRounds "9"]
[EventCountry "FRA"]
[SourceTitle "CBM 131 Extra"]
[Source "ChessBase"]
[SourceDate "2009.09.03"]
[SourceVersion "2"]
[SourceVersionDate "2009.09.16"]
[SourceQuality "1"]

1. e4 e5 2. Nf3 Nc6 3. Bb5 Nf6 4. 0-0 Bc5 5. Nxe5 0-0 6. Nxc6 dxc6 7. Bd3 Re8 8. Nc3 Bd4 9. Qf3 Qe7 10. h3 Be6 11. b3 Rad8 12. a4 Nd7 13. Ba3 c5 14. Bc4 Ne5 15. Qe2 Bxc4 16. bxc4 Qe6 17. Bc1 Bxc3 18. dxc3 Nxc4 19. f3 Rd7 20. Rd1 Red8 21. Bf4 c6 22. Rxd7 Rxd7 23. Rd1 Nb6 24. Rxd7 Qxd7 25. a5 Nc8 26. Qd3 Qxd3 27. cxd3 f6 28. c4 Kf7 29. Be3 b6 30. Kf1 Ke6 31. f4 Kd6 32. axb6 axb6 33. Ke2 b5 34. cxb5 cxb5 35. Kd2 Nb6 36. Kc3 Nc8 37. Kb3 Kc6 38. g4 Nd6 39. e5 fxe5 40. fxe5 Ne8 41. d4 c4+ 42. Ka3 Nc7 43. h4 Ne6 1/2-1/2

[Event "Val Thorens op"]
[Site "Val Thorens"]
[Date "2009.??.??"]
[Round "6"]
[White "Rodriguez, Jean Pierre"]
[Black "Arous, Andre"]
[Result "1-0"]
[WhiteElo "1858"]
[BlackElo "1655"]
[PlyCount "51"]
[EventDate "2009.07.18"]
[EventType "swiss"]
[EventRounds "9"]
[EventCountry "FRA"]
[SourceTitle "CBM 131 Extra"]
[Source "ChessBase"]
[SourceDate "2009.09.03"]
[SourceVersion "2"]
[SourceVersionDate "2009.09.16"]
[SourceQuality "1"]

1. c4 c5 2. Nf3 Nf6 3. d4 cxd4 4. Nxd4 Nc6 5. Nc3 a6 6. e3 e6 7. Be2 Be7 8. Bf3 Ne5 9. Be2 Qc7 10. b3 d5 11. Bb2 dxc4 12. bxc4 Nxc4 13. Qa4+ b5 14. Ncxb5 Qa5+ 15. Qxa5 Nxa5 16. Nc7+ Kd7 17. Nxa8 Bb7 18. Nb6+ Kc7 19. Nc4 Nc6 20. 0-0 Nb4 21. Ne5 Rf8 22. Rac1+ Kd8 23. Ba3 a5 24. Rfd1 Bd5 25. Ndc6+ Nxc6 26. Nxc6+ 1-0